[Event "Jyvaskyla Winter Weekend A"]
[Site "Jyvaskyla"]
[Date "2016.01.23"]
[Round "3"]
[White "Drats, Andrey"]
[Black "Chernyak, Viktoria"]
[Result "1-0"]
[WhiteElo "2050"]
[BlackElo "2135"]
[PlyCount "87"]
[EventDate "2016.01.22"]
[EventType "swiss"]
[EventRounds "5"]
[EventCountry "FIN"]
[SourceTitle "EXT 2022"]
[Source "ChessBase"]
[SourceDate "2021.10.06"]
[SourceVersion "1"]
[SourceVersionDate "2021.10.06"]
[SourceQuality "1"]

1. d4 Nf6 2. Bg5 d5 3. Nf3 Nbd7 4. e3 g6 5. c4 c6 6. Nc3 Bg7 7. Bd3 0-0 8. 0-0 b6 9. Re1 Bb7 10. e4 dxe4 11. Nxe4 Nxe4 12. Bxe4 Nf6 13. Bc2 Qd6 14. Qe2 Rfe8 15. Rad1 Rac8 16. Ne5 a5 17. Bb3 c5 18. d5 e6 19. Ng4 Nxg4 20. Qxg4 exd5 21. cxd5 Bxb2 22. Bf4 Be5 23. Bxe5 Rxe5 24. Rxe5 Qxe5 25. Qd7 Re8 26. h3 Ba6 27. Ba4 Rb8 28. d6 b5 29. Qe7 f6 30. Qc7 Rc8 31. Qxa5 bxa4 32. d7 Qe6 33. dxc8Q+ Bxc8 34. Rd8+ Kg7 35. Qc7+ Kh6 36. Rxc8 Qe1+ 37. Kh2 Qxf2 38. Qxc5 Qxa2 39. Qf8+ Kg5 40. Rc5+ f5 41. Qe7+ Kf4 42. Qh4+ Ke3 43. Rc3+ Ke2 44. Qc4+ 1-0

[Event "Karelia-ch 63rd"]
[Site "Petrozavodsk"]
[Date "2010.02.24"]
[Round "8"]
[White "Drats, Andrey"]
[Black "Zhukov, Daniil"]
[Result "0-1"]
[WhiteElo "2101"]
[BlackElo "1942"]
[PlyCount "98"]
[EventDate "2010.02.20"]
[EventType "swiss"]
[EventRounds "9"]
[EventCountry "RUS"]
[SourceTitle "CBM 135 Extra"]
[Source "ChessBase"]
[SourceDate "2010.05.04"]
[SourceVersion "1"]
[SourceVersionDate "2010.05.04"]
[SourceQuality "1"]

1. d4 Nf6 2. c4 g6 3. Nc3 Bg7 4. e4 d6 5. f3 0-0 6. Be3 Na6 7. Bd3 c5 8. Nge2 Qa5 9. 0-0 cxd4 10. Nxd4 Nb4 11. Be2 Nc6 12. Qd2 Bd7 13. a3 a6 14. b4 Qc7 15. Rac1 Rfc8 16. Nb3 Ne5 17. Nd5 Nxd5 18. cxd5 Qd8 19. Na5 b6 20. Nb3 Bb5 21. Nd4 Bxe2 22. Qxe2 b5 23. h3 Qd7 24. a4 Nc4 25. Bf2 e6 26. dxe6 fxe6 27. Rfd1 Ne5 28. Rxc8+ Rxc8 29. axb5 axb5 30. Nxb5 Nc4 31. Nxd6 Nxd6 32. e5 Qb5 33. Qe1 Qxe5 34. Qd2 Rd8 35. Re1 Qd5 36. Qe2 Re8 37. Rd1 Qe5 38. Qd3 Nf5 39. Re1 Qd6 40. Qb3 Nd4 41. Qc4 Qc6 42. Qd3 Rd8 43. Kh1 e5 44. Bg3 Qc7 45. b5 Nf5 46. Qb3+ Qf7 47. Qxf7+ Kxf7 48. Bxe5 Re8 49. Bc3 Bxc3 0-1

[Event "Karelia-ch 63rd"]
[Site "Petrozavodsk"]
[Date "2010.02.21"]
[Round "3"]
[White "Dmitriev, Andrey V"]
[Black "Drats, Andrey"]
[Result "1-0"]
[WhiteElo "1905"]
[BlackElo "2101"]
[PlyCount "79"]
[EventDate "2010.02.20"]
[EventType "swiss"]
[EventRounds "9"]
[EventCountry "RUS"]
[SourceTitle "CBM 135 Extra"]
[Source "ChessBase"]
[SourceDate "2010.05.04"]
[SourceVersion "1"]
[SourceVersionDate "2010.05.04"]
[SourceQuality "1"]

1. e4 c5 2. Nf3 e6 3. d4 cxd4 4. Nxd4 a6 5. Bd3 d6 6. Be3 Nf6 7. Nc3 b6 8. 0-0 Bb7 9. Qd2 Nbd7 10. f3 Be7 11. Rfd1 0-0 12. Bf1 Qc7 13. Rac1 Rfd8 14. Qf2 d5 15. exd5 Nxd5 16. Nxd5 Bxd5 17. c4 Bb7 18. a3 g6 19. b4 e5 20. Nb3 f5 21. c5 bxc5 22. Nxc5 Nxc5 23. Rxd8+ Rxd8 24. Bxc5 Bf6 25. Bc4+ Kg7 26. Bb6 Qc6 27. Bxd8 Bxd8 28. Qc2 e4 29. fxe4 fxe4 30. Bf1 Bb6+ 31. Kh1 Qe6 32. Qc3+ Kh6 33. Bxa6 Bxa6 34. Qc6 Qf5 35. Qxb6 Bd3 36. Qe3+ Kg7 37. Rc7+ Kg8 38. h3 Qe5 39. Qc5 Qa1+ 40. Kh2 1-0